00455nam a2200157Ia 450000500170000000800460001703700110006304000200007404100130009408400240010710000170013124500950014826000090024330000100025254600350026220250508164807.0008 250505s9999 xx 000 0 eng d aTheses aFEDLbengcFEDL aeng2eng a370.1, SET/THqFEDL aSethi Rashmi 0aStudy of facets of integral philosophy of Sri Aurobindo and their educational ramification c1998 a202p. aPH.D Thesis (Delhi University)